Onn Ja'afar : pejuang terbilang :
| Main Author: | |
|---|---|
| Format: | Book |
| Published: |
KL :
MPH ,
2007
|
| Subjects: |
MARC
| LEADER | 00000cam a2200000 7i4500 | ||
|---|---|---|---|
| 001 | 0000038675 | ||
| 005 | 20131119.0 | ||
| 008 | 131119 | ||
| 020 | |a 9833698295 | ||
| 090 | 0 | 0 | |a 923.2595 |b FAD |
| 100 | 1 | |a Fadzil Abdullah | |
| 245 | 1 | 0 | |a Onn Ja'afar : |b pejuang terbilang : |b pengasas sebuah negara bangsa |c pengarang Fadzil Abdullah, Kassim Thukiman & Md. Zin Idros |
| 260 | |a KL : |b MPH , |c 2007 | ||
| 650 | 0 | |a Onn Ja'afar, Dato', 1895-1962 | |
| 650 | 0 | |a Politician |z Malaysia |x Biography | |
| 999 | |a 0001279514 |b Book |c Adult Collection |e Cawangan Pontian | ||